Gentle persuasion : (Record no. 3999)

MARC details
000 -LEADER
fixed length control field 00800pam a2200265 a 4500
001 - CONTROL NUMBER
control field 17206
003 - CONTROL NUMBER IDENTIFIER
control field GBCCL
005 - DATE AND TIME OF LATEST TRANSACTION
control field 20241126110508.0
008 - FIXED-LENGTH DATA ELEMENTS--GENERAL INFORMATION
fixed length control field 880602s1988 orua 000 0 eng
010 ## -
-- 88019828
020 ## - INTERNATIONAL STANDARD BOOK NUMBER
International Standard Book Number 0880702532 :
Terms of availability $7.95
035 ## - SYSTEM CONTROL NUMBER
System control number (OCoLC)18162635
040 ## - CATALOGING SOURCE
Original cataloging agency DLC
Transcribing agency DLC
Modifying agency LBB
049 ## -
-- LBBK
-- LBBA
050 0# -
-- BV4520
-- .A45 1988
082 0# - DEWEY DECIMAL CLASSIFICATION NUMBER
Classification number 248.5
Edition information 19
Item number ALD
092 0# - LOCALLY ASSIGNED DEWEY CALL NUMBER (OCLC)
Classification number 248.5
Item number A365, 1988
Edition number 20
100 1# - MAIN ENTRY--PERSONAL NAME
Personal name Aldrich, Joseph C.,
Dates associated with a name 1940-
9 (RLIN) 9045
245 10 - TITLE STATEMENT
Title Gentle persuasion :
Remainder of title creative ways to introduce your friends to Christ /
Statement of responsibility, etc. Joseph C. Aldrich.
260 ## - PUBLICATION, DISTRIBUTION, ETC.
Place of publication, distribution, etc. Portland, Or. :
Name of publisher, distributor, etc. Multnomah Press,
Date of publication, distribution, etc. c1988.
300 ## - PHYSICAL DESCRIPTION
Extent 247 p. :
Other physical details ill. ;
Dimensions 21 cm.
650 #0 - SUBJECT ADDED ENTRY--TOPICAL TERM
Topical term or geographic name entry element Witness bearing (Christianity)
9 (RLIN) 428
650 #0 - SUBJECT ADDED ENTRY--TOPICAL TERM
Topical term or geographic name entry element Evangelistic work.
9 (RLIN) 290
942 ## - ADDED ENTRY ELEMENTS (KOHA)
Source of classification or shelving scheme Dewey Decimal Classification
Koha item type Books
Holdings
Withdrawn status Lost status Source of classification or shelving scheme Damaged status Not for loan Home library Current Library Shelving location Date acquired Total checkouts Full call number Barcode Date last seen Copy number Price effective from Koha item type
    Dewey Decimal Classification     GRACE BIBLE COLLEGE GRACE BIBLE COLLEGE Ministry & Mission 2017-12-20   248.5 ALD 008655 2025-05-01 c.1 2017-12-20 Books
© Grace Bible College Library 2025